<?xml version="1.0" encoding="UTF-8"?>
<record
    xmlns:xsi="http://www.w3.org/2001/XMLSchema-instance"
    xsi:schemaLocation="http://www.loc.gov/MARC21/slim http://www.loc.gov/standards/marcxml/schema/MARC21slim.xsd"
    xmlns="http://www.loc.gov/MARC21/slim">

  <leader>01921cam a2200349 a 4500</leader>
  <controlfield tag="001">000006912</controlfield>
  <controlfield tag="003">DO-SdBNP</controlfield>
  <controlfield tag="005">20250307091723.0</controlfield>
  <controlfield tag="008">880412s1986    sp ab    b   f000 0 spa d</controlfield>
  <datafield tag="020" ind1=" " ind2=" ">
    <subfield code="a">8450550521</subfield>
  </datafield>
  <datafield tag="040" ind1=" " ind2=" ">
    <subfield code="a">DO-SdBNP</subfield>
    <subfield code="b">spa</subfield>
    <subfield code="c">BNPHU</subfield>
    <subfield code="e">rda</subfield>
  </datafield>
  <datafield tag="082" ind1=" " ind2=" ">
    <subfield code="a">936.6</subfield>
    <subfield code="b">E82a</subfield>
    <subfield code="2">22</subfield>
  </datafield>
  <datafield tag="100" ind1="1" ind2=" ">
    <subfield code="a">Casta&#xF1;o, A. Ana, </subfield>
    <subfield code="e">autor</subfield>
    <subfield code="4">aut.</subfield>
    <subfield code="9">84994</subfield>
  </datafield>
  <datafield tag="245" ind1="1" ind2="0">
    <subfield code="a">Estudio de arte paleol&#xED;tico.</subfield>
  </datafield>
  <datafield tag="260" ind1=" " ind2=" ">
    <subfield code="a">Madrid, Espa&#xF1;a :</subfield>
    <subfield code="b">Ministerio de Cultura. Direcci&#xF3;n General de Bellas Artes y Archivos, Subdirecci&#xF3;n General de Arqueolog&#xED;a y Etnograf&#xED;a,</subfield>
    <subfield code="c">1986.</subfield>
  </datafield>
  <datafield tag="300" ind1=" " ind2=" ">
    <subfield code="a">270 p&#xE1;ginas :</subfield>
    <subfield code="b">ilustraciones, mapas ;</subfield>
    <subfield code="c">31 cm.</subfield>
  </datafield>
  <datafield tag="336" ind1=" " ind2=" ">
    <subfield code="a">texto</subfield>
    <subfield code="b">txt</subfield>
    <subfield code="2">rdacontent</subfield>
  </datafield>
  <datafield tag="337" ind1=" " ind2=" ">
    <subfield code="a">sin mediaci&#xF3;n</subfield>
    <subfield code="b">n</subfield>
    <subfield code="2">rdamedia</subfield>
  </datafield>
  <datafield tag="338" ind1=" " ind2=" ">
    <subfield code="a">volumen</subfield>
    <subfield code="b">nc</subfield>
    <subfield code="2">rdacarrier</subfield>
  </datafield>
  <datafield tag="490" ind1="1" ind2=" ">
    <subfield code="a">Colecci&#xF3;n Centro de Investigaci&#xF3;n y Museo de Altamira</subfield>
  </datafield>
  <datafield tag="490" ind1="1" ind2=" ">
    <subfield code="a">Serie Monograf&#xED;as</subfield>
    <subfield code="v">15</subfield>
  </datafield>
  <datafield tag="504" ind1=" " ind2=" ">
    <subfield code="a">Bibliograf&#xED;a : p&#xE1;ginas 264-265.</subfield>
  </datafield>
  <datafield tag="505" ind1="0" ind2=" ">
    <subfield code="a">Aspectos ecol&#xF3;gicos del arte parietal paleol&#xED;tico en Cantabria / Ana Castano -- El caballo en el arte rupestre paleol&#xED;tico / G. Romero -- El modelado interior de los grabados rupestres paleol&#xED;ticos del Norte de la Pen&#xED;nsula / R. Alonsio Silio -- Prospecciones arqueol&#xF3;gicas de la cueva de las Brujas (Suances-Cantabria) / R. Gonz&#xE1;lez Sainz, E. Mu&#xF1;oz Fern&#xE1;ndez, C. San Miguel Llamosas -- Los grabados y pinturas de las cuevas de los Emboscados y el Patatal (Matienzo-Cantabria) / Rodrigo de Balb&#xED;n Behrman, Manuel R. Gonz&#xE1;lez Morales, Cesar Gonz&#xE1;lez Sainz.</subfield>
  </datafield>
  <datafield tag="650" ind1=" " ind2="4">
    <subfield code="a">Per&#xED;odo paleol&#xED;tico</subfield>
    <subfield code="z">Espa&#xF1;a</subfield>
    <subfield code="9">19161</subfield>
  </datafield>
  <datafield tag="650" ind1=" " ind2="4">
    <subfield code="a">Arte prehist&#xF3;rico</subfield>
    <subfield code="z">Espa&#xF1;a</subfield>
    <subfield code="9">19162</subfield>
  </datafield>
  <datafield tag="650" ind1=" " ind2="4">
    <subfield code="a">Pintura rupestre</subfield>
    <subfield code="z">Espa&#xF1;a</subfield>
    <subfield code="9">19163</subfield>
  </datafield>
  <datafield tag="650" ind1=" " ind2="4">
    <subfield code="a">Petr&#xF3;glifo</subfield>
    <subfield code="z">Espa&#xF1;a</subfield>
    <subfield code="9">19164</subfield>
  </datafield>
  <datafield tag="651" ind1=" " ind2="4">
    <subfield code="a">Espa&#xF1;a</subfield>
    <subfield code="x">Antig&#xFC;edades</subfield>
    <subfield code="9">19165</subfield>
  </datafield>
  <datafield tag="710" ind1="1" ind2=" ">
    <subfield code="a">Rep&#xFA;blica Dominicana.</subfield>
    <subfield code="b">Ministerio de Cultura</subfield>
    <subfield code="9">71794</subfield>
  </datafield>
  <datafield tag="830" ind1=" " ind2="0">
    <subfield code="a">Colecci&#xF3;n Centro de Investigaci&#xF3;n y Museo de Altamira,</subfield>
    <subfield code="p">Serie Monograf&#xED;as ;</subfield>
    <subfield code="v">15</subfield>
    <subfield code="9">19168</subfield>
  </datafield>
  <datafield tag="942" ind1=" " ind2=" ">
    <subfield code="2">ddc</subfield>
    <subfield code="c">LBS1</subfield>
  </datafield>
  <datafield tag="952" ind1=" " ind2=" ">
    <subfield code="0">0</subfield>
    <subfield code="1">0</subfield>
    <subfield code="5">4</subfield>
    <subfield code="7">0</subfield>
    <subfield code="8">MO</subfield>
    <subfield code="a">GR</subfield>
    <subfield code="b">GR</subfield>
    <subfield code="c">CT</subfield>
    <subfield code="d">2009-09-03</subfield>
    <subfield code="i">LF1</subfield>
    <subfield code="l">0</subfield>
    <subfield code="o">936.6 E82a</subfield>
    <subfield code="p">6912-10</subfield>
    <subfield code="r">2020-06-25</subfield>
    <subfield code="w">2020-06-25</subfield>
    <subfield code="y">4</subfield>
    <subfield code="Z">Pr&#xE9;stamo en sala</subfield>
  </datafield>
  <datafield tag="999" ind1=" " ind2=" ">
    <subfield code="c">6697</subfield>
    <subfield code="d">6697</subfield>
  </datafield>
</record>
